Bytový dom

Na minha lista:
Detalhes bibliográficos
Autor principal: Gottwald, Martin (Author)
Outros Autores: Somorová, Viera (Thesis advisor)
Formato: Manuscrito Livro
Idioma:eslovaco
Publicado em: 2019
Assuntos:
Acesso em linha:http://is.stuba.sk/zp/portal_zp.pl?podrobnosti=136739
https://opac.crzp.sk/?fn=detailBiblioForm&sid=A6067EBA35451301886ADF0D9AAB
Tags: Adicionar Tag
Sem tags, seja o primeiro a adicionar uma tag!

MARC

LEADER 00000ntm a22000003a 4500
001 stuzp74098
003 SK-STU
005 20230530151113.6
007 ta
008 150427s2015----xo-----f-mn---000-0-slo-d
040 |a STU  |b slo 
041 0 |a slo 
100 1 |a Gottwald, Martin  |u 010270  |4 aut  |U SvF Stavebná fakulta  |T SvF Katedra technológie stavieb  |X 87343  |U V270  |Y 28  |7 87343 
242 0 1 |a Residential house  |y eng 
245 1 0 |a Bytový dom 
260 |c 2019 
650 4 |a technologický predpis  |2 slo 
650 4 |a kps  |2 slo 
650 4 |a statika  |2 slo 
650 4 |a hrubá stavba  |2 slo 
650 4 |a rough construction  |2 eng 
650 4 |a technical regulation  |2 eng 
650 4 |a building construction  |2 eng 
650 4 |a statics  |2 eng 
700 1 |a Somorová, Viera  |u 010270  |k Z8  |4 ths  |U SvF Stavebná fakulta  |T SvF Katedra technológie stavieb  |X 672  |U V270  |Y 28  |7 A000000672 
856 4 |u http://is.stuba.sk/zp/portal_zp.pl?podrobnosti=136739 
856 4 |u https://opac.crzp.sk/?fn=detailBiblioForm&sid=A6067EBA35451301886ADF0D9AAB